000 00457nam a2200181Ia 4500
005 20250303021855.0
008 240331s9999 xx 000 0 und d
020 _a3718655063
082 _bROB
_a954
100 _aRoberts, M
245 0 _aExploring confrontation :
_bSri Lanka
260 _a Switzerland
_bHarwood Academic Publishers
_c1994
300 _a XXV, 377 p .,
650 _aPolitical
650 _aCulture
650 _aHistory
942 _cL
999 _c1348
_d1348